La révolution chimique (Record no. 178920)
[ view plain ]
| 000 -LEADER | |
|---|---|
| campo de control de longitud fija | 00927namaa2200229 i 4500 |
| 001 - NÚMERO DE CONTROL | |
| campo de control | 178920 |
| 003 - IDENTIFICADOR DE NÚMERO DE CONTROL | |
| campo de control | ES-MaACL |
| 005 - FECHA Y HORA DE LA ÚLTIMA TRANSACCIÓN | |
| campo de control | 20250813063338.0 |
| 008 - DATOS DE LONGITUD FIJA--INFORMACIÓN GENERAL | |
| campo de control de longitud fija | 110810s1890 fr | |||| ||fre d |
| 080 ## - NÚMERO DE LA CLASIFICACIÓN DECIMAL UNIVERSAL | |
| Número de la Clasificación Decimal Universal | 929 Lavoisier, Antoine-Laurent de |
| 080 ## - NÚMERO DE LA CLASIFICACIÓN DECIMAL UNIVERSAL | |
| Número de la Clasificación Decimal Universal | 54(091) |
| 100 1# - ENTRADA PRINCIPAL--NOMBRE DE PERSONA | |
| Nombre de persona | Berthelot, Marcellin, |
| Fechas asociadas al nombre | 1827-1907 |
| 9 (RLIN) | 125961 |
| 245 13 - MENCIÓN DEL TÍTULO | |
| Título | La révolution chimique |
| Resto del título | : Lavoisier : ouvrage suivi de notices et extraits des registres inédits de laboratoire de Lavoisier / |
| Mención de responsabilidad, etc. | par M. Berthelot. |
| 260 ## - PUBLICACIÓN, DISTRIBUCIÓN, ETC. | |
| Lugar de publicación, distribución, etc. | Paris : |
| Nombre del editor, distribuidor, etc. | Ancienne Librairie Germer Baillière et Cª : |
| -- | Felix Alcan, Editeur, |
| Fecha de publicación, distribución, etc. | 1890. |
| 300 ## - DESCRIPCIÓN FÍSICA | |
| Extensión | XII, 334 p. ; |
| Dimensiones | 22 cm. |
| 490 1# - MENCIÓN DE SERIE | |
| Mención de serie | Bibliothèque scientifique internationale ; |
| Designación de volumen o secuencia | 69 |
| 600 04 - PUNTO DE ACCESO ADICIONAL DE MATERIA--NOMBRE DE PERSONA | |
| Nombre de persona | Lavoisier, Antoine-Laurent. |
| 9 (RLIN) | 70731 |
| 650 #4 - PUNTO DE ACCESO ADICIONAL DE MATERIA--TÉRMINO DE MATERIA | |
| Término de materia o nombre geográfico como elemento de entrada | Química- |
| Subdivisión general | Historia. |
| 9 (RLIN) | 147552 |
| 830 0# - PUNTO DE ACCESO ADICIONAL DE SERIE-TÍTULO UNIFORME | |
| Título uniforme | Bibliothèque scientifique internationale ; |
| Designación de volumen o secuencia | 69 |
| 9 (RLIN) | 186949 |
| 852 ## - LOCALIZACIÓN | |
| Ubicación | ES-MaACL |
| Número de control de estantería | F-14398 |
| Estatus retirado | Estado de pérdida | Estado de daño | No para préstamo | Colección | Biblioteca de origen | Biblioteca actual | Ubicación en estantería | Fecha de adquisición | Fuente de adquisición | Total de préstamos | Signatura topográfica completa | Código de barras | Visto por última vez | Precio de reemplazo | Tipo de ítem Koha |
|---|---|---|---|---|---|---|---|---|---|---|---|---|---|---|---|
| Libros del s. XIX | Biblioteca del Ateneo de Madrid | Biblioteca del Ateneo de Madrid | Sala Pecera Planta 2 | 10/08/2011 | F-14398 | 1187945 | 23/02/2023 | 23/02/2023 | Libro impreso antiguo |
